Programming : the derivation of algorithms
Αποθηκεύτηκε σε:
| Κύριος συγγραφέας: | |
|---|---|
| Μορφή: | Βιβλίο |
| Γλώσσα: | English |
| Δημοσίευση: |
Englewood Cliffs, N.J. :
Prentice-Hall,
c1990
|
| Σειρά: | Prentice-Hall international series in computer science
|
| Θέματα: | |
| Ετικέτες: |
Προσθήκη ετικέτας
Δεν υπάρχουν, Καταχωρήστε ετικέτα πρώτοι!
|
MARC
| LEADER | 00000nam a2200000 i 4500 | ||
|---|---|---|---|
| 001 | 1/6013 | ||
| 008 | 000609s1990 eng d | ||
| 020 | |a 0-13-204108-1 | ||
| 035 | |l 10061785 | ||
| 040 | |a GR-MY-UA |b gre |e aacr | ||
| 041 | 0 | |a eng | |
| 082 | 0 | |a 005.1 | |
| 100 | 1 | |a Kaldewaij, Anne. | |
| 245 | 1 | 0 | |a Programming : |b the derivation of algorithms / |c Anne Kaldewaij |
| 260 | |a Englewood Cliffs, N.J. : |b Prentice-Hall, |c c1990 | ||
| 300 | |a xii, 216 p.; |c 24 cm. | ||
| 490 | 1 | |a Prentice Hall international series in computer science | |
| 504 | |a Includes bibliographical references and index | ||
| 650 | 0 | 0 | |a Computer programming. |
| 650 | 0 | 0 | |a Computer algorithms. |
| 830 | 0 | |a Prentice-Hall international series in computer science | |
| 852 | |a INST |b SAMOS |e 20000609 |h 005.1 KAL |p 005300019582 |q 005300019582 |t BK |y 0 | ||
| 901 | |a BIBL3-2000-2 | ||
| 909 | |a Σ |b 078765 | ||
| 922 | |a 3ΕΛΗ |b 200005 |c ΚΠΣ |d ΠΑΠΑΣΩΤΗΡΙΟΥ | ||
| 950 | |a 116-1999-12-31 | ||
| 970 | |a ΚΟΣΙΕΡΗΣ |b ΧΡΗΣΤΟΣ |z 2000/06/15 | ||